League Winning Football Managers - Statistics

General Stats
  • This quiz has been taken 1,791 times
    1,662 since last reset
  • The average score is 16 of 31
Answer Stats
Answer % Correct
Pep Guardiola
99%
Jurgen Klopp
94%
Carlo Ancelotti
91%
Jose Mourinho
88%
Alex Ferguson
81%
Zinedine Zidane
80%
Antonio Conte
79%
Claudio Ranieri
71%
Thomas Tuchel
71%
Luis Enrique
67%
Diego Simeone
64%
Hansi Flick
64%
Roberto Mancini
61%
Mauricio Pochettino
59%
Massimiliano Allegri
56%
Manuel Pellegrini
53%
Julian Nagelsmann
50%
Ernesto Valverde
41%
Jupp Heynckes
40%
Maurizio Sarri
39%
Unai Emery
37%
Louis Van Gaal
36%
Stefano Pioli
31%
Laurent Blanc
29%
Niko Kovac
29%
Christophe Galtier
20%
Tito Vilanova
20%
Didier Deschamps
16%
Leandro Jardim
12%
Rudi Garcia
9%
Rene Girard
3%
No matching quizzes found
Score Distribution
Percent of People with Each Score
Percentile by Number Answered
Your Score History
You have not taken this quiz since the last reset